000 00410nam a2200169Ia 4500
003 IT-RoPAU
008 120407s9999 xx 000 0 und d
040 _aIT-RoPAU
040 _cIT-RoPAU
100 _aSalvatore Di Meglio
245 _aIl messaggio cristiano d'oriente. Storia della letteratura greca cristiana
250 _aTorino
260 _aGribaudi
300 _c cm
490 _v1
942 _cBK
999 _c6639
_d6639